| 000 | 00884nam a22002897a 4500 | ||
|---|---|---|---|
| 005 | 20260107094058.0 | ||
| 008 | 260107b |||||||| |||| 00| 0 eng d | ||
| 020 | _a9789834947088 | ||
| 040 | _aJKKN | ||
| 082 | 0 | 4 |
_223 _a 499.235 |
| 100 | 1 |
_aKho, Thong Eng, _d1954-, _94984 |
|
| 245 | 1 | 0 |
_aPERIHAL AYAT dalam BAHASA MELAYU / _cKHO THONG ENG |
| 264 | 1 |
_aKuala Lumpur : _bDewan Bahasa dan Pustaka, _c[2025?] |
|
| 300 |
_apages: _billustrations; _ccm. |
||
| 336 |
_2rdacontent _atext |
||
| 337 |
_2rdamedia _aunmediated |
||
| 338 |
_2rdacarrier _avolume |
||
| 650 | 1 | 0 |
_aMalay language _xSentences _94985 |
| 650 | 2 | 0 |
_aMalay language _xStudy and teaching _94986 |
| 650 | 2 | 0 |
_aMalay language _xWriting _93775 |
| 650 | 2 | 0 |
_aMalay language _xUsage |
| 650 | 2 | 0 |
_aGovernment publications _zMalaysia _94835 |
| 700 | 0 | _eeditor. | |
| 942 |
_2ddc _cBK |
||
| 997 | _aPNM | ||
| 998 |
_d1 _p499.235 |
||
| 999 |
_c3136 _d3132 |
||